000 00624nam a22002057b 4500
005 20251003132510.0
008 251003b sa ||||| |||| 00| 0 eng d
020 _a9781770250734
_qPaperback (pbk)
040 _aMPL
_c3228
082 _a621.3 PIL
100 _aPILBEAM, J
245 _aElectrical workmanship/
_cJ Pilbeam
260 _aPinelands [South Africa] :
_bPearson Education;
_c2008.
300 _axvi, 248 pages .:
_billustrations ;
_c23 cm.
490 _aFET College Series.
650 _vElectricity
_xElectrical engineering
700 _9196889
_aH Ensink
700 _9196890
_aC Smith
942 _2ddc
_cBOOK
_y367
_zEllen Msibi
999 _c774995
_d774994